|
|
|
|
| LEADER |
00000nab a2200000 a 4500 |
| 001 |
vtls000341666 |
| 003 |
SK-MaSNL |
| 005 |
20260426062642.0 |
| 008 |
230217c1988 xo 0 slo |
| 015 |
|
|
|a SNBRA19rr/mm-uuuuu
|
| 035 |
|
|
|a CL0341788
|
| 035 |
|
|
|a urn:nbn:sk:snk-ab8em
|
| 035 |
|
|
|a (urnnbn)urn:nbn:sk:snk:ar-a03opc
|
| 035 |
|
|
|a (uuid)cc6359e5-e4ce-42dd-b133-ada1fea755ec
|
| 040 |
|
|
|a SNKBUCL
|b slo
|c SNKBUCL
|e AACR2
|
| 041 |
0 |
|
|a slo
|
| 044 |
|
|
|a xo
|c SK
|
| 080 |
|
|
|a 655(437.6)"18/19"
|2 1981
|
| 100 |
1 |
|
|a Ecker, Juraj,
|d 1920-1996
|4 aut
|9 109061
|
| 245 |
1 |
0 |
|a Bratislavské tlačiarne od druhej polovice 18. storočia do konca prvej svetovej vojny
|c Juraj Ecker
|
| 504 |
|
|
|a Bibliogr. odkazy
|
| 648 |
|
7 |
|a 1750-1918
|2 snkbucl
|9 309842
|
| 648 |
|
7 |
|a 18.-20. stor.
|2 snkbucl
|9 293384
|
| 650 |
0 |
7 |
|a tlačiarne
|2 snkbucl
|9 26683
|
| 651 |
|
7 |
|a Bratislava (Slovensko)
|2 snkbucl
|9 14568
|
| 655 |
|
7 |
|a články zo zborníkov
|2 snkbucl
|9 166140
|
| 655 |
|
7 |
|a články z odboru knihovníctvo
|2 snkbucl
|9 166141
|
| 773 |
0 |
|
|t Kniha '88
|d Martin : Matica slovenská, 1988
|g S. 51-67
|
| 850 |
|
|
|a Slovenská národná knižnica v Martine
|a MTA001
|
| 852 |
|
|
|a SNK
|b KIS3GCP
|
| 954 |
|
|
|a odborná, vedecká literatúra pôvodná (slovenská)
|2 lita
|
| 957 |
|
|
|a 5100
|
| 958 |
|
|
|a RK
|
| 958 |
|
|
|a KL
|
| 958 |
|
|
|a NB
|
| 958 |
|
|
|a OND
|
| 958 |
|
|
|a EUIPO
|
| 958 |
|
|
|a article27
|
| 992 |
|
|
|a RZB
|
| 999 |
|
|
|c 2548021
|d 2549951
|